[Event "Helmut Kohl IM"]
[Site "Dortmund GER"]
[Date "2008.07.05"]
[Round "8"]
[White "Zelbel,P"]
[Black "Van der Weide,K"]
[Result "1/2-1/2"]
[WhiteElo "2246"]
[BlackElo "2482"]

1.e4 c5 2.c3 Nf6 3.e5 Nd5 4.d4 cxd4 5.Nf3 e6 6.cxd4 b6 7.Bd3 Bb4+ 8.Bd2 Bxd2+
9.Qxd2 Ba6 10.O-O O-O 11.Nc3 Nxc3 12.bxc3 Bxd3 13.Qxd3 Nc6 14.Rfd1 d5 15.exd6 Qxd6
16.Ng5 g6 17.Qe4 h6 18.Nf3 Rac8 19.c4 Rfd8 20.Rac1 a5 21.Qe3  1/2-1/2

[Event "Sparkassen Open"]
[Site "Dortmund GER"]
[Date "2008.07.05"]
[Round "8"]
[White "Singh,Mar"]
[Black "Bykovskij,S"]
[Result "1/2-1/2"]
[WhiteElo "1908"]
[BlackElo "1950"]

1.e4 c5 2.c3 Nf6 3.e5 Nd5 4.d4 cxd4 5.cxd4 b6 6.Nc3 Bb7 7.f4 e6 8.Bd2 Be7
9.Nf3 O-O 10.Bd3 Nxc3 11.bxc3 d6 12.O-O Na6 13.Qe2 Nc7 14.exd6 Qxd6 15.Ne5 f5
16.a4 Nd5 17.Rfe1 Nc7 18.Bc4 Bh4 19.Rf1 Bf6 20.Bc1 Bxe5 21.fxe5 Qc6 22.Ba3 Rfc8
23.Rxf5 Nd5 24.Bxd5 Qxd5 25.Rg5 Rxc3 26.Qg4 Rc7 27.Bd6 Rf7 28.Rf1 Rxf1+ 29.Kxf1 Ba6+
30.Kg1 g6 31.Rxg6+  1/2-1/2

[Event "XVII Burgas Open"]
[Site "Ourense ESP"]
[Date "2008.07.05"]
[Round "3"]
[White "Nora,F"]
[Black "Rivas Vila,D"]
[Result "0-1"]
[WhiteElo "1941"]
[BlackElo "2260"]

1.e4 c5 2.c3 Nf6 3.e5 Nd5 4.Bc4 Nb6 5.Bb3 Nc6 6.Nf3 d5 7.d4 cxd4 8.cxd4 Bg4
9.Be3 e6 10.O-O Be7 11.h3 Bh5 12.Nc3 Rc8 13.Ne2 Bxf3 14.gxf3 Nc4 15.Bxc4 dxc4
16.a3 a6 17.f4 f5 18.Nc3 O-O 19.d5 exd5 20.Nxd5 b5 21.Qf3 Qe8 22.Rfd1 Qg6+
23.Qg3 Bh4 24.Qxg6 hxg6 25.a4 Rfd8 26.axb5 axb5 27.Kg2 Rb8 28.Nb6 Kh7 29.Nd7 Rb7
30.Nb6 Nb4 31.Rxd8 Bxd8 32.Nc8 Rb8 33.Nd6 Nd3 34.Ra2 Kg8 35.Kf3 Be7 36.Ra6 Nxb2
37.Ra7 Bf8 38.Bd4 Nd3 39.Kg3 Nb4 40.Rc7 Nd5 41.Ra7 c3  0-1

[Event "Helmut Kohl IM"]
[Site "Dortmund GER"]
[Date "2008.07.06"]
[Round "9"]
[White "Klyuner,V"]
[Black "Gutman,L"]
[Result "0-1"]
[WhiteElo "2411"]
[BlackElo "2484"]

1.e4 c5 2.c3 Nf6 3.e5 Nd5 4.d4 cxd4 5.Qxd4 Nc7 6.Nf3 g6 7.Bc4 Bg7 8.Bf4 b5
9.Bb3 Bb7 10.Nbd2 O-O 11.Qe3 a5 12.a3 b4 13.O-O a4 14.Bc4 bxc3 15.bxc3 Nd5
16.Bxd5 Bxd5 17.c4 Bxf3 18.Nxf3 Nc6 19.h4 h5 20.Rab1 Qc8 21.Qe4 Ra6 22.Rfd1 Rd8
23.Rd5 Ra8 24.Rbd1 e6 25.Rb5 Na5 26.Bg5 Re8 27.Rb4 Nb3 28.Qf4 Qc7 29.Bf6 Bxf6
30.Qxf6 Rf8 31.Qg5 Kg7 32.g4 hxg4 33.Nh2 Rh8 34.Nxg4 Rh5 35.Qe7 Nc5 36.Rb5 Rc8
37.Rd4 Rf5 38.f4 Nb3 39.Re4 Nd2 40.h5 Nxe4 41.Nf6 Qxc4  0-1

[Event "Sparkassen Open"]
[Site "Dortmund GER"]
[Date "2008.07.06"]
[Round "9"]
[White "Kotainy,J"]
[Black "Rehberg,R"]
[Result "1/2-1/2"]
[WhiteElo "2112"]
[BlackElo "2221"]

1.e4 c5 2.c3 Nf6 3.e5 Nd5 4.d4 cxd4 5.Nf3 e6 6.cxd4 d6 7.Bc4 Nc6 8.O-O Be7
9.exd6 Bxd6 10.Nc3 Nxc3 11.bxc3 O-O 12.Re1 Qc7 13.Bd3 Ne7 14.h4 h6 15.Bd2 Nd5
16.Ne5 Qe7 17.Qh5 Nf6 18.Qf3 Nd7 19.Qh3 Nxe5 20.dxe5 Bc5 21.Be3 Bd7 22.Qg4 f5
23.exf6 Rxf6 24.Rad1 Bc6 25.Bd4 Bxd4 26.Qxd4 Raf8 27.f3 Qc7 28.Qe5 Qb6+ 29.Qe3  1/2-1/2

[Event "Volga Cup IM"]
[Site "Kostroma RUS"]
[Date "2008.07.06"]
[Round "5"]
[White "Yarysh,G"]
[Black "Shkuran,D"]
[Result "0-1"]
[WhiteElo "2304"]
[BlackElo "2432"]

1.e4 c5 2.c3 Nf6 3.e5 Nd5 4.Nf3 Nc6 5.Bc4 Nb6 6.Bb3 c4 7.Bc2 Qc7 8.Qe2 g5
9.Nxg5 Nxe5 10.f4 Nd3+ 11.Bxd3 cxd3 12.Qxd3 Qxf4 13.Nf3 d6 14.O-O Bd7 15.Qe2 Qg4
16.d4 Rg8 17.Na3 O-O-O 18.c4 e5 19.dxe5 dxe5 20.Rf2 e4 21.Ne5 Qxe2 22.Rxe2 Be6
23.Be3 Bxa3 24.bxa3 f6 25.Bxb6 axb6 26.Nf3 Bg4 27.Rxe4 Bxf3 28.Rf4 Rxg2+
29.Kh1 Bc6 30.Rxf6 Rg5+  0-1

[Event "7th Open"]
[Site "La Fere FRA"]
[Date "2008.07.06"]
[Round "2"]
[White "Vandervorst,M"]
[Black "Marchal,R"]
[Result "0-1"]
[WhiteElo "1877"]
[BlackElo "1698"]

1.e4 c5 2.c3 Nf6 3.e5 Nd5 4.c4 Nb6 5.b3 Qc7 6.Bb2 e6 7.Nf3 Nc6 8.Na3 a6 9.Be2 g6
10.Ng5 Bg7 11.f4 O-O 12.Ne4 Ne7 13.O-O Nf5 14.g4 Nh6 15.Nd6 f5 16.d4 Nxg4
17.Bxg4 fxg4 18.Qxg4 cxd4 19.Bxd4 Qd8 20.Nc2 a5 21.Qf3 Qc7 22.Qf2 Ra6 23.Rad1 Qd8
24.Bxb6 Rxb6 25.Nxc8 Rc6 26.Nd6 Bxe5 27.Nxb7 Qc7 28.Nxa5 Rxf4 29.Qd2 Rd6
30.Qb4 Qa7+ 31.Kh1 Rxd1 32.Rxd1 Qf2 33.Qd2 Qf3+ 34.Qg2 Qxd1+  0-1

[Event "XXXI Open"]
[Site "Barbera del Valles ESP"]
[Date "2008.07.07"]
[Round "3"]
[White "Pap,M"]
[Black "Bruzon Batista,L"]
[Result "1/2-1/2"]
[WhiteElo "2495"]
[BlackElo "2592"]

1.e4 c5 2.c3 Nf6 3.e5 Nd5 4.Nf3 e6 5.d4 cxd4 6.cxd4 d6 7.Bd2 Bd7 8.Bc4 Bc6
9.O-O Nd7 10.Nc3 Nxc3 11.Bxc3 Nb6 12.Ba5 Be7 13.d5 exd5 14.Bxd5 Bxd5 15.Bxb6 Bxf3
16.Bxd8 Bxd1 17.Bxe7 Kxe7 18.exd6+ Kd7 19.Rfxd1 Rac8 20.Rd3 Rhe8 21.Rf3 f6
22.Rh3 h6 23.Rg3 Rg8 24.Rd1 Rc2 25.Rb3 b6 26.h4 Rgc8 27.Rg3 g5 28.hxg5 Rc1
29.Rxc1 Rxc1+ 30.Kh2 hxg5 31.Rf3 Rc2 32.b4 Kxd6 33.Rxf6+ Ke5 34.Rf7 Rxa2
35.g4 Ke6 36.Rf5 Ra4 37.Rb5 Kf6 38.Kg3 Ra3+ 39.f3 Rb3 40.Rf5+ Kg6 41.b5 Rb2
42.Rd5 Kf6 43.Rf5+ Kg6 44.Rd5 Kf6 45.Kh3 Kg6 46.Rd6+  1/2-1/2

[Event "60th ch-MNE Youth"]
[Site "Cetinje MNE"]
[Date "2008.07.08"]
[Round "2"]
[White "Marjanovic,De"]
[Black "Andreev,Sa"]
[Result "0-1"]
[WhiteElo "1865"]
[BlackElo "2021"]

1.e4 c5 2.c3 Nf6 3.e5 Nd5 4.Nf3 Nc6 5.Bc4 Nb6 6.Bb3 d5 7.exd6 Qxd6 8.O-O c4
9.Bc2 Bg4 10.Re1 O-O-O 11.h3 Bh5 12.Qe2 Bg6 13.Be4 Bxe4 14.Qxe4 Qd5 15.Qf4 f6
16.a4 e5 17.Qg4+ Kb8 18.Nh2 Bc5 19.Nf1 f5 20.Qh4 Qf7 21.a5 g5 22.Qg3 Nd5
23.Qf3 Nf4 24.Ne3 Nd3 25.Rf1 Ne7 26.a6 e4 27.Qd1 f4 28.Nc2 f3 29.Ne3 fxg2
30.Kxg2 Nxc1 31.Qxc1 Qf3+ 32.Kg1 Qxh3 33.Qc2 Bd6 34.Re1 Bh2+  0-1

[Event "ch-BEL"]
[Site "Eupen BEL"]
[Date "2008.07.09"]
[Round "5"]
[White "Daels,M"]
[Black "Vandevoort,P"]
[Result "0-1"]
[WhiteElo "2212"]
[BlackElo "2409"]

1.e4 c5 2.c3 Nf6 3.e5 Nd5 4.Bc4 Nb6 5.Bb3 d5 6.exd6 exd6 7.d4 Be7 8.Qh5 c4
9.Bxc4 Nxc4 10.Qb5+ Qd7 11.Qxc4 b6 12.f3 O-O 13.Na3 d5 14.Qb3 Ba6 15.Bd2 Nc6
16.Qa4 Bd3 17.Kf2 b5 18.Qd1 Qf5 19.Ne2 b4 20.Nf4 Bh4+ 21.Kg1 bxa3 22.g4 Qf6
23.Nxd3 Nxd4 24.Kg2 axb2 25.Rb1 Ne6 26.Rxb2 d4 27.c4 Rac8 28.Qb3 Rfe8 29.Be1 Ng5
30.f4 Qc6+  0-1

[Event "Volga Cup IM"]
[Site "Kostroma RUS"]
[Date "2008.07.09"]
[Round "9"]
[White "Arslanov,S"]
[Black "Shkuran,D"]
[Result "1/2-1/2"]
[WhiteElo "2228"]
[BlackElo "2432"]

1.e4 c5 2.c3 Nf6 3.e5 Nd5 4.d4 cxd4 5.Nf3 d6 6.cxd4 Nc6 7.Bc4 Nb6 8.Bb3 d5
9.Nh4 e6 10.Nf3 Be7 11.O-O Bd7 12.Nc3 Na5 13.Bc2 Rc8 14.g3 Nbc4 15.Kg2 b5
16.h4 h6 17.Rh1 Qb6 18.Ne2 Nc6 19.b3 Na3 20.Bd3 b4 21.Bb2 Na5 22.Rc1 O-O
23.g4 g6 24.Qd2 Kg7 25.Rxc8 Rxc8 26.Rc1 Nc6 27.h5 g5 28.Nfg1 Nb5 29.Bb1 Na3
30.Bd3 Nb5 31.Bb1 Na3 32.Bd3  1/2-1/2

[Event "XVII Burgas Open"]
[Site "Ourense ESP"]
[Date "2008.07.09"]
[Round "7"]
[White "Lorenzo Duran,M"]
[Black "Otero Nogueira,B"]
[Result "1/2-1/2"]
[WhiteElo "2214"]
[BlackElo "1917"]

1.e4 c5 2.c3 Nf6 3.e5 Nd5 4.d4 cxd4 5.Nf3 Nc6 6.cxd4 d6 7.Nc3 dxe5 8.dxe5 Nxc3
9.Qxd8+ Nxd8 10.bxc3 Bd7 11.Be3 e6 12.Rb1 Be7 13.Bb5 Bxb5 14.Rxb5 a6 15.Rb6 Rc8
16.Kd2 Bc5 17.Bxc5 Rxc5 18.Kc2 Ke7 19.Rd1 Rc6 20.Rd6 Rxb6 21.Rxb6 Kd7 22.Rd6+ Kc7
23.Ng5 h6 24.Ne4 Nc6 25.f4 g5 26.g3 gxf4 27.gxf4 Rg8 28.Nf6 Rg2+ 29.Rd2 Rg1
30.Rd7+ Kb6 31.Rxf7 Rg2+ 32.Kd3 Rxh2 33.Nd7+ Ka5 34.Nc5 Rf2 35.Nxe6 Nxe5+
36.Ke3 Nxf7 37.Kxf2 Kb5  1/2-1/2

[Event "XVII Burgas Open"]
[Site "Ourense ESP"]
[Date "2008.07.09"]
[Round "7"]
[White "Arnaudov,G"]
[Black "Dimitrov,Vl"]
[Result "1/2-1/2"]
[WhiteElo "2311"]
[BlackElo "2450"]

1.e4 c5 2.c3 Nf6 3.e5 Nd5 4.Nf3 e6 5.d4 cxd4 6.cxd4 d6 7.Bc4 Nc6 8.O-O Nb6
9.Bd3 Nb4 10.Bg5 Qc7 11.Nc3 Bd7  1/2-1/2

[Event "7th Open"]
[Site "La Fere FRA"]
[Date "2008.07.10"]
[Round "7"]
[White "Afek,Y"]
[Black "Jouneau,Q"]
[Result "1-0"]
[WhiteElo "2321"]
[BlackElo "1978"]

1.e4 c5 2.c3 Nf6 3.e5 Nd5 4.d4 e6 5.Nf3 cxd4 6.cxd4 b6 7.Bd3 Bb7 8.O-O Qc7
9.Nbd2 Nf4 10.Be4 d5 11.exd6 Bxd6 12.Bxb7 Qxb7 13.Nc4 Bc7 14.Bxf4 Bxf4 15.d5 Qxd5
16.Qxd5 exd5 17.Rfe1+ Kf8 18.Rad1 Nc6 19.Rxd5 Rd8 20.Rf5 Bc7 21.Ng5 Rd7 22.Ne6+ Kg8
23.Nxc7 g6 24.Ne8 Rd4 25.Ne5 gxf5 26.Nxc6 Rd2 27.Ne7+ Kf8 28.Nxf5 f6 29.Ned6  1-0

[Event "Superfinal Chelyabinsk Oblast"]
[Site "Satka RUS"]
[Date "2008.07.10"]
[Round "5"]
[White "Sveshnikov,E"]
[Black "Kotsur,P"]
[Result "1/2-1/2"]
[WhiteElo "2510"]
[BlackElo "2566"]

1.e4 c5 2.c3 Nf6 3.e5 Nd5 4.Nf3 Nc6 5.d4 cxd4 6.Bc4 Nb6 7.Bb3 d5 8.exd6 Qxd6
9.O-O Be6 10.Bxe6 Qxe6 11.Nxd4 Nxd4 12.Qxd4 Rd8 13.Qh4 h5 14.h3 Qc4 15.Qxc4 Nxc4
16.b3  1/2-1/2

[Event "Maestro Open"]
[Site "Berdsk RUS"]
[Date "2008.07.11"]
[Round "4"]
[White "Samborsky,V"]
[Black "Ovchinnikova,A"]
[Result "1-0"]
[WhiteElo "2121"]
[BlackElo "1877"]

1.e4 c5 2.c3 Nf6 3.e5 Nd5 4.d4 cxd4 5.Nf3 Nc6 6.Bc4 Nb6 7.Bb3 d5 8.exd6 Qxd6
9.cxd4 g6 10.Ng5 Nd8 11.Qf3 Qf6 12.Qxf6 exf6 13.Ne4 Be7 14.d5 f5 15.Nec3 O-O
16.O-O Bd7 17.Nd2 Bd6 18.a4 f6 19.a5 Nc8 20.Nc4 Nf7 21.Be3 Re8 22.Rfe1 Kg7
23.Bd4 Be5 24.Bc5 Ncd6 25.Rxe5 fxe5 26.Nxd6 Nxd6 27.Bxd6 Rac8 28.Re1 e4 29.Bf4 Rc5
30.Ra1 a6 31.Be3 Rcc8 32.h4 h6 33.Rd1 g5 34.hxg5 hxg5 35.Bxg5 Rh8 36.Be3 Rh4
37.g3 Rh3 38.Ne2 Kf7 39.Nf4 Rh7 40.d6+ Kf6 41.Nd5+  1-0

[Event "7th Open"]
[Site "La Fere FRA"]
[Date "2008.07.12"]
[Round "9"]
[White "Afek,Y"]
[Black "Pijpers,A"]
[Result "0-1"]
[WhiteElo "2321"]
[BlackElo "2150"]

1.e4 c5 2.c3 Nf6 3.e5 Nd5 4.Nf3 Nc6 5.Bc4 Nb6 6.Bb3 d6 7.exd6 Qxd6 8.d4 cxd4
9.cxd4 Be6 10.O-O Bxb3 11.Qxb3 e6 12.Nc3 Be7 13.Nb5 Qd8 14.Bf4 Rc8 15.Ne5 a6
16.Nxc6 Rxc6 17.Na7 Rc4 18.Rac1 Rxc1 19.Rxc1 Bd6 20.Bxd6 Qxd6 21.Nc8 Qf4
22.Rc2 Qxd4 23.h3 Nd5 24.Nd6+ Ke7 25.Rc4 Qd2 26.Qxb7+ Kxd6 27.Rc6+ Ke5 28.Qxf7 Qh6
29.g3 Qg6 30.f4+ Kd4 31.Qa7+ Ke4 32.Kf2 Qf6 33.Qb7 Qd4+ 34.Ke1 Qg1+ 35.Kd2 Qf2+
36.Kc1 Qe1+ 37.Kc2 Nb4+ 38.Kb3 Nxc6 39.Qxc6+ Ke3 40.Qxe6+ Kf2  0-1

[Event "Maestro Open"]
[Site "Berdsk RUS"]
[Date "2008.07.13"]
[Round "6"]
[White "Samborsky,V"]
[Black "Gerasimov,Nikolay"]
[Result "1/2-1/2"]
[WhiteElo "2121"]
[BlackElo "2122"]

1.e4 c5 2.c3 Nf6 3.e5 Nd5 4.d4 cxd4 5.Nf3 Nc6 6.Bc4 Nb6 7.Bb3 d6 8.cxd4 e6
9.O-O Be7 10.Nc3 O-O 11.Qe2 dxe5 12.dxe5 Nd7 13.Rd1 Qa5 14.Bd2 Ncxe5 15.Nd5 Nxf3+
16.Qxf3 Qd8 17.Ba5 Qxa5 18.Nxe7+ Kh8 19.Nxc8 Ne5 20.Qxb7 Raxc8 21.Rac1 Rxc1
22.Rxc1 Nd3 23.Rf1 Qb6 24.Qxb6 axb6 25.Rd1 Nc5 26.Bc4 g6 27.f3 Kg7 28.Kf2 Rc8
29.Bb5 e5 30.Ke3 Ne6 31.Bd7 Rd8 32.Ba4 Ra8 33.Bb3 Nd4 34.Rd3 Ra5 35.f4 Nxb3
36.Rxb3 exf4+ 37.Kxf4 Rxa2 38.Rxb6 Ra4+ 39.b4 Ra2 40.Kg3 h5 41.h4 Rb2 42.b5 Rb3+
43.Kh2 Kg8 44.g3 Rb2+ 45.Kh3 Kg7 46.Rb8 Kh7 47.Rb7 Kg7 48.Rb8 Kh7  1/2-1/2

[Event "ch-BEL"]
[Site "Eupen BEL"]
[Date "2008.07.13"]
[Round "9"]
[White "Daels,M"]
[Black "Tonoli,B"]
[Result "1/2-1/2"]
[WhiteElo "2212"]
[BlackElo "2175"]

1.e4 c5 2.c3 Nf6 3.e5 Nd5 4.Bc4 Nb6 5.Bb3 d6 6.exd6 Qxd6 7.Nf3 Nc6 8.Na3 a6
9.O-O Bf5 10.d4 cxd4 11.Nxd4 Nxd4 12.cxd4 e6 13.Qf3 Qc6 14.d5 Nxd5 15.Rd1 Nb4
16.Qg3 h5 17.Bg5 h4 18.Bxh4 Nd3 19.Nc4 Bc5 20.Rxd3 Bxd3 21.Ne5 Bd6 22.Qg5 Qe4
23.Bg3 Bxe5 24.Bxe5 Rg8 25.Rc1 Rd8 26.Bf6 Ra8 27.Be5 Qg6 28.Qe3 Bb5 29.Qf3 Rd8
30.Qxb7 Qd3 31.h3 Qe2 32.Bc7 Qd2 33.Rd1 Qxd1+ 34.Bxd1 Rxd1+ 35.Kh2 f6 36.Ba5 Rd7
37.Qe4 Kf7 38.Bc3 Rgd8 39.h4 Rd5 40.a4 Bd3 41.Qb4 Rh8 42.Kg3 Kg6 43.Qg4+ Kf7
44.Qb4 Rhd8 45.f3 R8d7 46.Kf2 Rc7 47.g4 Rdd7  1/2-1/2

[Event "Heart of Finland"]
[Site "Jyvaskyla FIN"]
[Date "2008.07.13"]
[Round "4"]
[White "Iivonen,M"]
[Black "Valli,F"]
[Result "0-1"]
[WhiteElo "2014"]
[BlackElo "2182"]

1.e4 c5 2.c3 Nf6 3.e5 Nd5 4.Nf3 e6 5.Bc4 d6 6.d4 cxd4 7.cxd4 Bd7 8.Bxd5 exd5
9.O-O Be7 10.Nc3 Bc6 11.Bf4 dxe5 12.Bxe5 O-O 13.Qd3 Nd7 14.Rfe1 Nb6 15.Re2 Rc8
16.Rae1 Re8 17.h3 f6 18.Bf4 Bb4 19.Nh2 Nc4 20.Rb1 Qa5 21.Rc2 Bxc3 22.Rxc3 Qxa2
23.Ng4 Bb5 24.Nxf6+ gxf6 25.Qf5 Qa6 26.Rg3+ Kh8 27.Bh6 Rc7 28.Qg4 Qe6 29.Qf4 Rf7
30.b3 Nd6 31.Kh2 Nf5  0-1

[Event "Inautomarket Open"]
[Site "Minsk BLR"]
[Date "2008.07.13"]
[Round "4"]
[White "Kislinsky,A"]
[Black "Ivanov,Al3"]
[Result "1-0"]
[WhiteElo "2501"]
[BlackElo "2437"]

1.e4 c5 2.c3 Nf6 3.e5 Nd5 4.Nf3 Nc6 5.Bc4 Nb6 6.Bb3 c4 7.Bc2 Qc7 8.Qe2 g5
9.Na3 g4 10.Nb5 Qb8 11.Ng5 Nxe5 12.O-O h6 13.f4 gxf3 14.Nxf3 Bg7 15.b3 d5
16.Ba3 Bg4 17.Rae1 Bxf3 18.gxf3 Qd8 19.f4 Nc6 20.Nd6+ Kf8 21.Nxf7  1-0

[Event "Inautomarket Open"]
[Site "Minsk BLR"]
[Date "2008.07.13"]
[Round "4"]
[White "Karavaev,V"]
[Black "Teterev,V"]
[Result "0-1"]
[WhiteElo "2477"]
[BlackElo "2504"]

1.e4 c5 2.c3 Nf6 3.e5 Nd5 4.Nf3 Nc6 5.d4 cxd4 6.cxd4 d6 7.Bc4 Nb6 8.Bb5 d5
9.h3 Bf5 10.O-O e6 11.Nc3 Be7 12.Be3 Rc8 13.Ne1 Nc4 14.Bxc4 dxc4 15.g4 Bg6
16.f4 f5 17.d5 exd5 18.Qxd5 Qxd5 19.Nxd5 h5 20.g5 Bf7 21.Nxe7 Nxe7 22.Bxa7 c3
23.bxc3 Rxc3 24.Rf3 Rxf3 25.Nxf3 Nd5 26.e6 Bxe6 27.Re1 Kd7 28.Ne5+ Kd6 29.Ng6 Ra8
30.Bd4 Bf7 31.Ne5 Bg8 32.Nc4+ Kc6 33.Rc1 Rxa2 34.Nb6+ Kd6 35.Bc5+ Kc6 36.Bd4+ Kd6
37.Be5+ Ke7 38.Nc8+ Kd7 39.Nd6 Ne3 40.Nxb7 Bd5 41.Rc7+ Ke8 42.Rc8+ Kf7 43.Rc7+ Kg8
44.Rxg7+ Kf8 45.Rd7 Rg2+ 46.Kh1 Rg3+ 47.Rxd5 Rxh3+ 48.Kg1 Nxd5 49.Nd6 Rh4
50.Nxf5 Rg4+ 51.Kf2 Nxf4 52.Bd6+ Ke8 53.Ne3 Nh3+ 54.Kf3 Nxg5+  0-1

[Event "19th Czech Oce Open"]
[Site "Pardubice CZE"]
[Date "2008.07.13"]
[Round "6"]
[White "Potapov,P"]
[Black "Smistik,M"]
[Result "1-0"]
[WhiteElo "2418"]
[BlackElo "2326"]

1.e4 c5 2.c3 Nf6 3.e5 Nd5 4.Nf3 d6 5.d4 cxd4 6.cxd4 Nc6 7.Bc4 Nb6 8.Bb5 dxe5
9.Nxe5 Bd7 10.Bxc6 Bxc6 11.Nxc6 bxc6 12.Nc3 g6 13.O-O Bg7 14.Be3 O-O 15.Rc1 Nc4
16.Na4 Nxe3 17.fxe3 Qd5 18.Nc3 Qa5 19.Qa4 Qb6 20.Qc2 e5 21.Na4 Qa5 22.dxe5 Qxe5
23.Rf3 Rac8 24.b3 Rfd8 25.Rcf1 Rc7 26.Nc5 Qd5 27.b4 Re7 28.e4 Qg5 29.Rd1 Ree8
30.Rfd3 Bf8 31.Nd7 Bxb4 32.Qxc6 Be7 33.e5 Rc8 34.Qa4 Red8 35.Qb3 Rc1 36.e6 f5
37.Nf6+ Kg7 38.Rxd8 Bxd8 39.Ne8+ Kf8 40.Qa3+ Kxe8 41.Rxc1 Qf6 42.Qc3 Bb6+
43.Kf1 Qh4 44.Qc8+ Ke7 45.Qd7+ Kf6 46.Qf7+ Ke5 47.Re1+ Kd4 48.Qd7+ Kc3 49.Rc1+ Kb4
50.Rb1+ Ka3 51.Qd3+  1-0

[Event "2nd LCT"]
[Site "Leiden NED"]
[Date "2008.07.14"]
[Round "4"]
[White "Van Helvoort,R"]
[Black "Simutowe,A"]
[Result "0-1"]
[WhiteElo "2224"]
[BlackElo "2459"]

1.e4 c5 2.c3 Nf6 3.e5 Nd5 4.d4 cxd4 5.Nf3 Nc6 6.cxd4 d6 7.Bc4 Nb6 8.Bb5 dxe5
9.Nxe5 Bd7 10.Nxd7 Qxd7 11.O-O Rd8 12.Qf3 e6 13.Nc3 Be7 14.Rd1 O-O 15.Qg4 Kh8
16.Rd3 f5 17.Qh5 g6 18.Qh6 Bf6 19.Bg5 Qg7 20.Bxf6 Qxf6 21.Bxc6 bxc6 22.Re1 Rfe8
23.Qf4 Qg7 24.Red1 Kg8 25.Qc1 Rd6 26.Ne2 Red8 27.Rc3 Qd7 28.Re1 e5 29.Re3 exd4
30.Rd3 Re8 31.Nf4 Rxe1+ 32.Qxe1 Nd5 33.Nxd5 Rxd5 34.Qb4 Kf7 35.b3 a5 36.Qc4 Kg7
37.g3 c5 38.Qa6 Qc7 39.Qc4 Qc6 40.Rd2 Re5 41.Re2 Rxe2 42.Qxe2 Qe4 43.Qc4 d3
44.Qc3+ Kh6 45.Qd2+ Kh5 46.Qc3 Kg4 47.Qd2 h5 48.Qc1 h4 49.gxh4 Kh3 50.Qf1+ Kxh4
51.Qc1 Qg4+ 52.Kh1 f4 53.Qc3 Qd1+ 54.Kg2 f3+  0-1

[Event "FSIM July"]
[Site "Budapest HUN"]
[Date "2008.07.15"]
[Round "11"]
[White "Petursson,G"]
[Black "Qu Yanqiao"]
[Result "0-1"]
[WhiteElo "2135"]
[BlackElo "2007"]

1.e4 c5 2.c3 Nf6 3.e5 Nd5 4.Nf3 Nc6 5.Bc4 Nb6 6.Bb3 c4 7.Bc2 Qc7 8.Qe2 g5
9.h3 Bg7 10.O-O Nxe5 11.Nxg5 h6 12.Ne4 d5 13.Ng3 Bd7 14.Nh5 Rg8 15.Bh7 O-O-O
16.f4 Nc6 17.Bxg8 Rxg8 18.d4 Bxd4+ 19.cxd4 Bxh3 20.Be3 Bg4 21.Qf2 Bxh5 22.Nc3 Nb4
23.a3 Nd3 24.Qh4 Bg6 25.Qxh6 Bf5 26.a4 Qd7 27.Rf3 Be4 28.Nxe4 dxe4 29.Rh3 Qg4
30.Rh2 Qe2 31.Qh3+ e6 32.g4 Qxg4+ 33.Qxg4 Rxg4+ 34.Rg2 Rxg2+ 35.Kxg2 Nd5
36.Bc1 Kd7 37.Kg3 Kc6 38.Kg4 f5+ 39.Kg3 N5b4 40.Rb1 Kd5 41.Bd2 Nc2 42.b3 e3
43.bxc4+ Kxd4 44.Bxe3+ Nxe3 45.Rxb7 a5 46.Rb6 Nc5 47.Rb5 Nxa4 48.Kh4 Nxc4
49.Kg5 Nc5 50.Kf6 a4 51.Rb8  0-1

[Event "Maestro Open"]
[Site "Berdsk RUS"]
[Date "2008.07.16"]
[Round "9"]
[White "Buvaltsev,A"]
[Black "Degterev,A"]
[Result "0-1"]
[WhiteElo "2115"]
[BlackElo "2333"]

1.e4 c5 2.c3 Nf6 3.e5 Nd5 4.d4 cxd4 5.Qxd4 e6 6.Nf3 Nc6 7.Qe4 f5 8.exf6 Nxf6
9.Qc2 d5 10.Bf4 Bd6 11.Bxd6 Qxd6 12.Bb5 O-O 13.Nbd2 e5 14.O-O-O e4 15.Nxe4 Nxe4
16.Qxe4 dxe4 17.Rxd6 exf3 18.Bxc6 bxc6 19.gxf3 Rxf3 20.Rxc6 Bb7 21.Rc7 Rxc3+
22.bxc3 Bxh1 23.c4 Rf8 24.Rxa7 Rxf2 25.a4 Rxh2 26.a5 Be4 27.Rc7 Ra2 28.c5 Rxa5
29.Kd2 Ra3 30.c6 Rd3+ 31.Ke2 Rc3  0-1

[Event "17th ch-MKD"]
[Site "Struga MKD"]
[Date "2008.07.16"]
[Round "3"]
[White "Dancevski,O"]
[Black "Andonovski,L"]
[Result "1-0"]
[WhiteElo "2441"]
[BlackElo "2300"]

1.e4 c5 2.c3 Nf6 3.e5 Nd5 4.d4 cxd4 5.Nf3 d6 6.cxd4 e6 7.Nc3 Nxc3 8.bxc3 Qc7
9.Bd2 Nd7 10.Ng5 dxe5 11.Qh5 Nb8 12.Bb5+ Nc6 13.O-O g6 14.Qh3 Bg7 15.dxe5 Qxe5
16.Bxc6+ bxc6 17.Rfe1 Qf5 18.g4 Qc2 19.Rad1 Rb8 20.Qg3 Rb7 21.Ne4 O-O 22.g5 Rb5
23.c4 Rf5 24.Bb4 c5 25.Bxc5 Rxc5 26.Nxc5 Qxc4 27.Ne4 Qxa2 28.Nf6+ Bxf6 29.gxf6 Qc4
30.Re3 h5 31.Red3 Bb7 32.Rd8 Rxd8 33.Rxd8+ Kh7 34.Qg5 Qg4+ 35.Qxg4 hxg4 36.Rd7 Bd5
37.Rxf7+ Kh6 38.Rxa7 g5 39.Rg7 e5 40.Kf1 Bf3 41.Rxg5  1-0

[Event "Heart of Finland"]
[Site "Jyvaskyla FIN"]
[Date "2008.07.17"]
[Round "8"]
[White "Hartio,I"]
[Black "Valli,F"]
[Result "0-1"]
[WhiteElo "2084"]
[BlackElo "2182"]

1.e4 c5 2.c3 Nf6 3.e5 Nd5 4.d4 cxd4 5.Qxd4 e6 6.Nf3 Nc6 7.Qe4 d6 8.exd6 Bxd6
9.Bc4 Nf6 10.Qe2 h6 11.Nbd2 O-O 12.O-O e5 13.Ne4 Bf5 14.Nxd6 Qxd6 15.Rd1 Qc7
16.h3 Rfe8 17.a4 Bg6 18.Nh4 Bh7 19.Nf3 a6 20.Be3 e4 21.Nd4 Ne5 22.Bb3 Nd3
23.Qd2 Rad8 24.Rf1 Nd7 25.f3 N7c5 26.Ba2 exf3 27.Rxf3 Ne5 28.Rf4 Ncd3 29.Rff1 Nc4
30.Bxc4 Qxc4 31.b3 Qd5 32.Bf4 Be4 33.Ra2 g5 34.Bg3 f5 35.Qd1 f4 36.Be1 f3
37.gxf3 Bg6 38.Bg3 Qd7 39.Kg2 Bf5 40.Rh1 h5 41.Rd2 h4 42.Nxf5 Qxf5 43.Bh2 Re3
44.Rf1 Rde8 45.b4 Ne1+ 46.Rxe1 Rxe1 47.Qb3+ Qe6 48.Qc2 Qe2+ 49.Rxe2 R8xe2+
50.Qxe2 Rxe2+ 51.Kg1 Rc2 52.Be5 Kf7 53.a5 Ke6 54.Bd4 Kf5 55.Bg7 Kf4 56.Bf6 Kxf3
57.Bxg5 Kg3 58.Kf1 Kxh3 59.Bf6 Kg3 60.Ke1 h3 61.Kd1 Rg2  0-1

[Event "Inautomarket Open"]
[Site "Minsk BLR"]
[Date "2008.07.17"]
[Round "8"]
[White "Karavaev,V"]
[Black "Khismatullin,D"]
[Result "1-0"]
[WhiteElo "2477"]
[BlackElo "2613"]

1.e4 c5 2.c3 Nf6 3.e5 Nd5 4.Nf3 Nc6 5.Bc4 Nb6 6.Bb3 d5 7.exd6 c4 8.Bc2 e5
9.O-O Bg4 10.h3 Bh5 11.d4 cxd3 12.Qxd3 Qxd6 13.Qe2 Be7 14.Re1 f6 15.Nbd2 O-O
16.Ne4 Qc7 17.Ng3 Bf7 18.Nf5 Kh8 19.Qe4 Bg8 20.Qg4 Bd8 21.Qg3 Nd5 22.N3h4 Nf4
23.Bxf4 exf4 24.Qg4 Ne5 25.Qxf4 a5 26.Qg3 g5 27.Nf3 Ng6 28.Qd6 Ra6 29.Qd4 Qb6
30.Bb3 Qxd4 31.N3xd4 Ne5 32.Rad1 a4 33.Bxg8 Kxg8 34.Nh6+ Kg7 35.Ng4 Re8 36.Nf5+ Kg6
37.Nxe5+ fxe5 38.Nd6 Re7 39.g4 Rd7 40.Nc4 Rxd1 41.Rxd1 Bc7 42.Rd7 Rc6 43.Ne3 a3
44.bxa3 Rxc3 45.Kg2 e4  1-0

[Event "Summer Cup"]
[Site "Porto Carras GRE"]
[Date "2008.07.17"]
[Round "7"]
[White "Mihailidis,A"]
[Black "Zubarev,Al1"]
[Result "1/2-1/2"]
[WhiteElo "2265"]
[BlackElo "2517"]

1.e4 c5 2.c3 Nf6 3.e5 Nd5 4.d4 cxd4 5.Nf3 d6 6.cxd4 Nc6 7.Bc4 Nb6 8.Bb5 d5
9.Qc2 Bd7 10.Bxc6 Bxc6 11.e6 f6 12.Bf4 Rc8 13.Nc3 Bb5 14.Nh4 Rc6 15.Qf5 g6
16.Nxg6 Rxe6+ 17.Qxe6 Bd7 18.Qe2 hxg6 19.a4 Bc6 20.Nb5 Kf7 21.Nxa7 Bxa4 22.Rc1 Qa8
23.Nb5 Qa5+ 24.Nc3 Bb3 25.Qb5 Qxb5 26.Nxb5 Bc4 27.Na3 Ba6 28.f3 Nc4 29.Nxc4 dxc4
30.Kf2 Rh5 31.Rc2 Rd5 32.Be3 e6 33.Ra1 f5 34.Rxa6 bxa6 35.Rxc4 Rb5 36.Rc7+ Kg8
37.Rc6 Rxb2+ 38.Kg3 Re2 39.Bf4 a5 40.Ra6 Bg7  1/2-1/2

[Event "17th ch-MKD"]
[Site "Struga MKD"]
[Date "2008.07.17"]
[Round "4"]
[White "Nikolovska,D"]
[Black "Stojkovska,M"]
[Result "0-1"]
[WhiteElo "1732"]
[BlackElo "1869"]

1.e4 c5 2.c3 Nf6 3.e5 Nd5 4.d4 cxd4 5.Nf3 e6 6.cxd4 Nc6 7.a3 d6 8.Bd3 Qc7
9.Qe2 Be7 10.O-O Bd7 11.Nc3 Nxc3 12.bxc3 d5 13.Bc2 Na5 14.Qd3 Rc8 15.Bd2 Nc4
16.Bc1 Bb5 17.a4 Ba6 18.Qd1 Nb6 19.Bd3 Qxc3 20.Bd2 Qxd3 21.Re1 O-O 22.Re3 Qc2
23.Qxc2 Rxc2  0-1

[Event "Ch-AY Boys U16"]
[Site "Tehran IRI"]
[Date "2008.07.17"]
[Round "2"]
[White "Pourramezanali,A"]
[Black "Kavinda,A"]
[Result "1-0"]
[WhiteElo "2098"]
[BlackElo "2029"]

1.e4 c5 2.c3 Nf6 3.e5 Nd5 4.d4 cxd4 5.Nf3 e6 6.cxd4 d6 7.Nc3 dxe5 8.Nxe5 Bd6
9.Bb5+ Nd7 10.Qg4 Kf8 11.O-O Nxe5 12.dxe5 Bxe5 13.Rd1 Qc7 14.Qh4 Bf6 15.Bg5 Bxg5
16.Qxg5 Qe7 17.Qd2 f6 18.Nxd5 exd5 19.Re1 Be6 20.Re3 Rd8 21.Rae1 Rd6 22.Qa5 b6
23.Qa3 Kf7 24.f4 f5 25.Rc1 d4 26.Re2 Rhd8 27.Qd3 g6 28.Rce1 Qf6 29.Rxe6 Rxe6
30.Bc4 Rd6 31.h3 Ke7 32.Bxe6 Rxe6 33.Qa3+ Ke8 34.Rc1 Qe7 35.Qa4+ Qd7 36.Rc8+ Ke7
37.Qb4+ Qd6 38.Qa4 Re1+ 39.Kf2 Re3 40.Qe8+ Kf6 41.Qh8+ Ke6 42.Qg8+  1-0

[Event "19th Czech Chladek & Tintera A Open"]
[Site "Pardubice CZE"]
[Date "2008.07.18"]
[Round "1"]
[White "Gjuran,D"]
[Black "Zakhartsov,Vi"]
[Result "1/2-1/2"]
[WhiteElo "2295"]
[BlackElo "2556"]

1.e4 c5 2.c3 Nf6 3.e5 Nd5 4.Nf3 Nc6 5.d4 cxd4 6.cxd4 d6 7.Bc4 Nb6 8.Bb5 dxe5
9.Nxe5 Bd7 10.Nc3 Nxe5 11.dxe5 Bxb5 12.Nxb5 Qxd1+ 13.Kxd1 Nd5 14.Ke2 a6 15.Rd1 O-O-O
16.Nd6+ exd6 17.Rxd5 Re8 18.f4 dxe5 19.fxe5 Re6 20.Be3 Be7 21.Rc1+ Kb8 22.Kd3 Rd8
23.Ke4 Rc6 24.h3 Rxc1 25.Rxd8+ Bxd8 26.Bxc1 Kc7 27.Kd5 Kd7 28.Be3 Be7  1/2-1/2